Grands coeurs (Record no. 171221)

MARC details
000 -LEADER
campo de control de longitud fija 00710nam a2200181 i 4500
001 - NÚMERO DE CONTROL
campo de control 171221
003 - IDENTIFICADOR DE NÚMERO DE CONTROL
campo de control ES-MaACL
005 - FECHA Y HORA DE LA ÚLTIMA TRANSACCIÓN
campo de control 20240522063102.0
008 - DATOS DE LONGITUD FIJA--INFORMACIÓN GENERAL
campo de control de longitud fija 090505s1925 fr |||| | fre d
080 ## - NÚMERO DE LA CLASIFICACIÓN DECIMAL UNIVERSAL
Número de la Clasificación Decimal Universal 087.5:850-31"18"
100 0# - ENTRADA PRINCIPAL--NOMBRE DE PERSONA
Nombre de persona De Amicis, Edmondo,
Fechas asociadas al nombre 1846-1908
9 (RLIN) 43032
245 10 - MENCIÓN DEL TÍTULO
Título Grands coeurs
Resto del título : livre de lecture pour toutes les écoles /
Mención de responsabilidad, etc. Ed. de Amicis ; traduction française par A. Piazzi ; [illustrations par R. de la Néziere].
260 ## - PUBLICACIÓN, DISTRIBUCIÓN, ETC.
Lugar de publicación, distribución, etc. Paris :
Nombre del editor, distribuidor, etc. Delagrave,
Fecha de publicación, distribución, etc. 1925.
300 ## - DESCRIPCIÓN FÍSICA
Extensión 316 p. :
Otras características físicas il. ;
Dimensiones 18 cm.
650 #4 - PUNTO DE ACCESO ADICIONAL DE MATERIA--TÉRMINO DE MATERIA
Término de materia o nombre geográfico como elemento de entrada Lectura-
Subdivisión de forma Libros escolares.
9 (RLIN) 14067
852 4# - LOCALIZACIÓN
Ubicación ES-MaACL
Número de control de estantería E-12618
itemnumber R.140226
Nota libre . - Biblioteca Jacinto Martínez Lacalle
Holdings
Estatus retirado Estado de pérdida Estado de daño No para préstamo Biblioteca de origen Biblioteca actual Ubicación en estantería Fecha de adquisición Fuente de adquisición Total de préstamos Signatura topográfica completa Código de barras Visto por última vez Precio de reemplazo Tipo de ítem Koha
        Biblioteca del Ateneo de Madrid Biblioteca del Ateneo de Madrid Depósito 2 05/05/2009     E-12618 1179688 23/02/2023 23/02/2023 Libro impreso